000 00681nam a22001937a 4500
003 OSt
005 20240830140605.0
008 240830b ||||| |||| 00| 0 eng d
040 _cAIMIT LIBRARY
100 _aMachado, Nikhil Veneeth.
_e2216110
_9178262
245 _aThe role of organizational culture commitment communication and reward system on employee performance /
_cBy Nikhil Veneetha Machado ; Guided by Swapna Rose.
260 _aMangalore ;
_c2024.
650 _aIndustry profile
_9178263
650 _aLiterature review
_9178264
650 _aScope of the study
_9178265
700 _aRose, Swapna.
_eGuide
_9178266
856 _3Cygnus Solutions.
942 _2ddc
_cPRO
999 _c231659
_d231659